Blind Test - Hazbin Hotel X Helluva Boss : Hellaverse - Statistiques

Statistiques générales
  • Ce quiz a été pris 82 fois
  • Le résultat moyen est 26 sur 52
Statistiques - réponses
Paroles Musiques Hellaverse % Correct
Et tu comprendras pourquoi je me suis vengée Gravity Hazbin Hôtel
86%
J'commence sérieusement à suspecter, qu't'en saches plus sur le décapité Respectless Hazbin Hôtel
83%
Ils auraient pu gagner leurs ailes Hell is forever Hazbin Hôtel
81%
Je n'voudrais pas être hostile mais ce démon est un raté ! Stayed gone Hazbin Hôtel
81%
Quitté les ondes un long moment ppour toi Dont you forget Hazbin Hôtel
79%
Maintenant, j'suis au bout d'une laisse Loser Hazbin Hôtel
79%
Et j'ai failli crever des mains de ce vulgaire Final Hazbin Hôtel
73%
On se souviendra que l'enfer s'est uni pour de bon Hear my hope Hazbin Hôtel
73%
Choisis l'amour et tu seras meilleure Out for love Hazbin Hôtel
73%
Tu descends et tues ces pauvres âmes ? You Didn't Know Hazbin Hôtel
71%
Moi je suis ton maître et t'es ma petite salope Dont you forget reprise Hazbin Hôtel
70%
J'suis hyper investi dans ton projet Hell's greatest dad Hazbin Hôtel
70%
Pour voir des bukkakes de démons en vidéo Happy day in hell Hazbin Hôtel
68%
Plus de querelles avec les clodos, quand on se baladera sur les chemins Once we get up there Hazbin Hôtel
68%
Tu n'as pas le droit de partir, mais regarde le bon côté ! Like you Hazbin Hôtel
67%
Surtout pas ne panique car tu es vraiment unique Like you Hazbin Hôtel
67%
Je m’étouffe et je reviens, je veux tout dévorer Poison Hazbin Hôtel
67%
Endroit magique, hôtel merveilleux Clean it up Hazbin Hôtel
65%
Finit la peur et l'angoisse que les anges viennent et nous terrassent Vox POPULI Hazbin Hôtel
65%
J'espère que t'aimes les œufs brouillés ! Piss Hazbin Hôtel
63%
J'n'ai même pas su distinguer le bien du mal Sera's confession Hazbin Hôtel
63%
Je serais votre cauchemar, votre coup d'état Vox DEI Hazbin Hôtel
63%
Mais nous ne sommes pas assez fortes Easy Hazbin Hôtel
60%
Putain dégage tu m'dégoûtes ! Hazbin Guarantee Hazbin Hôtel
60%
Tu mises ton héritage pour un beau visage Losin' streak Hazbin Hôtel
59%
T'as juste besoin qu'on tienne tes jetons Love in a bottle Hazbin Hôtel
59%
Change des bébés, aide les mémés à traverser Speedrun to redemption Hazbin Hôtel
57%
Qu'est-ce qu'il va se passer quand on sera en bas ? When I think about the futur Hazbin Hôtel
57%
Tout le monde aime la puissance Brighter Hazbin Hôtel
56%
Mais le pardon ouvre la voie It starts with sorry Hazbin Hôtel
54%
Dans la bataille tu avais peur Live to live Hazbin Hôtel
54%
C'est du passé, j'ai préféré oublier More than anything Hazbin Hôtel
51%
Ici, c'est plus sympa que d'être en vie Welcome to heaven Hazbin Hôtel
51%
Mais il nous reste tant de choses à faire Whatever It Takes Hazbin Hôtel
46%
Il vous faut un sacré où vous reposez Bad with us Hazbin Hôtel
44%
Gronde dans le coeur de tous ces ratés Mastermind Helluva Boss
37%
Qu'on te pisse dessus ou qu'on titille la rondelle ? House of Asmodeus Helluva Boss
30%
Lorsque tu verras les étoiles brillées au loin tel un signal You will be okay Helluva Boss
24%
Il est compliqué, moi j'aime pas quand il est compliqué ! When I see him Helluva Boss
22%
Je te punis la nuit dans mes rêves All 2 U Helluva Boss
19%
L'argent ne fait pas ton bonheur mais donne le moi et tu verras Klown Bitch Helluva Boss
16%
Le secret du bitcoin, ordinateur, micropuce Look at this Helluva Boss
16%
Les garçons et les filles, les bourgeoises et leur maris Loo Loo Land Helluva Boss
16%
Adieu les problèmes conjugaux, gardez le couteau en cadeau I.M.P. Jingle Helluva Boss
14%
Tu as osé me mentir, osé me trahir I will be okay Helluva Boss
14%
Cet amour qui me ronge, tout n'était que mensonge Stolas sing Helluva Boss
13%
Avec toi mon cœur tout cassé s'anime et danse Crooked Helluva Boss
11%
Les junkies, pour vous racheter, c’est ici ! Inside of Every Demon Is a Rainbow Hazbin Hôtel
10%
Maintenant je ressens ce que tu ressens et je ressens que tu peux ressentir ce que je ressens et ressentir mes sens, tu me sens ? (saxophone...) Chaz time Helluva Boss
8%
Je suis tellement normal, un mec banal Regular Joe Helluva Boss
6%
Tout ton corps est huilé au max Vacay to Bonetown Helluva Boss
6%
Terminé, je te fais mes adieux, je fais ce que je veux 2 Minutes Notice Helluva Boss
5%
Aucun quiz correspondant
Distribution des résultats
% des personnes avec chaque résultat
Percentile par nombre de réponses
Votre historique - résultats
Vous n’avez pas pris ce quiz